Cubs Main 2026 Positions - Statistics

General Stats
  • This quiz has been taken 24 times
  • The average score is 14 of 23
Answer Stats
Hint Answer % Correct
Shortstop Dansby Swanson
100%
3rd Base Alex Bregman
84%
2nd Base Nico Hoerner
84%
Center Field Pete Crow-Armstrong
84%
Catcher Carson Kelly
79%
1st Base Michael Busch
79%
Catcher Miguel Amaya
79%
Right Field Seiya Suzuki
79%
Left Field Ian Happ
74%
Designated Hitter Moisés Ballesteros
74%
Pitcher Matthew Boyd
68%
Pitcher Ben Brown
63%
Right Field Matt Shaw
63%
Pitcher Shota Imanaga
63%
Pitcher Colin Rea
53%
Pitcher Cade Horton
47%
Pitcher Edward Cabrera
42%
Pitcher Jameson Taillon
42%
Pitcher Javier Assad
37%
Pitcher Justin Steele
32%
Pitcher Hoby Milner
26%
Pitcher Jacob Webb
21%
Right Field Michael Comforto
5%
No matching quizzes found
Score Distribution
Percent of People with Each Score
Percentile by Number Answered
Your Score History
You have not taken this quiz